000 00644nam a2200229Ia 4500
003 OSt
005 20220926013043.0
006 a|||||r|||| 00| 0
007 ta
008 220923b |||||||| |||| 00| 0 eng d
037 _cGeneral Book
040 _aRTL
_cRTL
_beng
041 _2eng
_aeng
082 _aY:3930j4582, K8
100 _aLarsen Otto N Ed.
_9131687
245 0 _aViolence and the mass media
260 _aNew York
_bHarper and Row
_c1968
300 _ax, 310p
_ccm.
650 _aSocial Communication
_9230136
942 _hY:3930j4582, K8
_cGB
_2CC
999 _c625099
_d625099